000 01783cam a2200133 4500500
005 20260405085542.0
041 _afre
042 _adc
100 1 0 _aMoro, Marie Rose
_eauthor
245 0 0 _aTroubles à l'adolescence dans un monde en changement : Comprendre et soigner
260 _bArmand Colin,
_c2013.
520 _aL'adolescence est sans doute le plus bel âge de la vie quand on l'a dépassé. Fascination et incompréhension caractérisent notre regard sur cette période associée à l'ennui, à la révolte, à l'émergence du pubertaire et du sexuel, aux transgressions, aux questionnements identitaires et à l'utopie. Sous l'égide de la Maison de Solenn, des spécialistes reconnus de l'adolescence partagent leurs savoirs cliniques et leurs expériences. Ce premier volume vise à mieux comprendre les adolescents aujourd'hui, dans la période troublée qu'ils traversent et dans le contexte d'une société qui consacre le mouvement perpétuel et l'inachèvement. Les auteurs reviennent sur les passions de l'adolescence qui se déclinent en addictions (au virtuel, aux drogues, à la nourriture), en prises de risque, en retrait (dépression, phobies, etc.). Enveloppe qu'on malmène, prive ou gave, qu'on excite ou anesthésie, le corps exprime ces passions destructrices et doit être entendu. Les différents textes réunis témoignent de la nécessité d'inventer, d'innover, d'imaginer des manières de soigner adaptées aux adolescents, à leur temporalité et à leur subjectivité. C'est le pari de cet ouvrage qui nous invite à accompagner les adolescents dans cette phase de transition et de construction.
856 4 1 _uhttps://shs.cairn.info/troubles-a-l-adolescence-dans-un-monde-en-changeme--9782200276744?lang=fr&redirect-ssocas=7080
999 _c2198458
_d2198458